000 00256nam a22000977a 4500
999 _c11278
_d11278
008 190115b ||||| |||| 00| 0 eng d
020 _a9788122313123
100 _aDoyle Conn Arthur
_97021
245 _aSherlock Holmes
260 _aNew Delhi
_bPustak Mahal
_c2018